00362nam a2200145Ia 4500008004100000020002200041041000800063082001700071100001300088245003100101260001500132300002600147365001700173700002600190230718s9999 xx 000 0 und d a978-0-470-05262-4 aeng a621.382bVAH aVahid F. aVerilog For Digital Design bJohn Wiley dRef 1025 E ME (29503) cRs.b1749.32 aVahid F. & Lysecky R.